Statistics for 5 Seconds of Summer - Bleach (Lyrics)

Click here to take the quiz!

General Stats

  • This quiz has been taken 43 times
  • The average score is 220 of 259

Answer Stats

Answer% Correct
bleach
100%
I
100%
Living
100%
living
100%
out
100%
over
100%
start
100%
the
100%
without
100%
you
100%
a
96%
Bleaching
96%
Can
96%
can
96%
figured
96%
hair
96%
in
96%
my
96%
to
96%
When
96%
when
96%
your
96%
Be
91%
every
91%
hallways,
91%
If
91%
is
91%
it
91%
there's
91%
till
91%
washing
91%
feel
87%
I'm
87%
And
83%
But
83%
go
83%
head
83%
just
83%
only
83%
Saturday
83%
space
83%
wanna
83%
you're
83%
all
78%
brain
78%
I've
78%
No
78%
no
78%
time?
78%
time
78%
up
78%
feeling
74%
fight
74%
gun
74%
hurting
74%
Know
74%
know
74%
mine
74%
occupy
74%
so
74%
away
70%
breath
70%
Brought
70%
get
70%
have
70%
knife
70%
let
70%
lost
70%
that
70%
under
70%
airtight
65%
can't
65%
filling
65%
for
65%
lungs
65%
make
65%
more
65%
Next
65%
said
65%
should
65%
take
65%
takes
65%
everything
61%
hard
61%
how
61%
It's
61%
name
61%
underneath
61%
want
61%
far
57%
matter
57%
tongue
57%
watch
57%
word
57%
again
52%
always
52%
catch
52%
Memories
52%
Mine's
52%
run
52%
seem
52%
that's
52%

Score Distribution

Percentile by Number Answered

Percent of People with Each Score

Your Score History

You have not taken this quiz